Tvorba automatického návrhu simulácií križovatiek

Salvato in:
Dettagli Bibliografici
Autore principale: Škvarko, Michal (Autore)
Altri autori: Komák, Martin (Relatore della tesi)
Natura: Manoscritto Libro
Lingua:slovacco
Pubblicazione: 2019
Soggetti:
Accesso online:http://is.stuba.sk/zp/portal_zp.pl?podrobnosti=137929
Tags: Aggiungi Tag
Nessun Tag, puoi essere il primo ad aggiungerne!!

MARC

LEADER 00000ntm a22000003a 4500
001 stuzp71699
003 SK-STU
005 20190718141335.4
007 ta
008 150427s2015----xo-----f-mn---000-0-slo-d
040 |a STU  |b slo 
041 0 |a slo 
044 |a xo 
100 1 |a Škvarko, Michal  |u 031000  |4 aut  |U FEI Fakulta elektrotechniky a informatiky  |T FEI Ústav robotiky a kybernetiky  |X 74264  |U E011  |Y 356  |7 74264 
242 0 1 |a Creating an automatic design of crossroads simulation  |y eng 
245 1 0 |a Tvorba automatického návrhu simulácií križovatiek 
260 |c 2019 
300 |a 46 s.,  |b CD-ROM 
650 4 |a Inteligentná križovatka  |2 slo 
650 4 |a Simulácia  |2 slo 
650 4 |a Semafor  |2 slo 
650 4 |a Matlab  |2 slo 
650 4 |a Fuzzy  |2 slo 
650 4 |a Intelligent intersection  |2 eng 
650 4 |a Simulation  |2 eng 
650 4 |a Traffic lights  |2 eng 
650 4 |a Matlab  |2 eng 
650 4 |a Fuzzy  |2 eng 
700 1 |a Komák, Martin  |u 031000  |k Z1  |4 ths  |U FEI Fakulta elektrotechniky a informatiky  |T FEI Ústav robotiky a kybernetiky  |X 68441  |U E011  |Y 356  |7 A000068441 
856 4 |u http://is.stuba.sk/zp/portal_zp.pl?podrobnosti=137929 
996 |b 284ER02870  |c E*Bc- 2870  |l EE31  |s P  |a 0  |w stuzp71699_0001